Lexique latin-français à l'usage des classes élémentaires: extraits du dictionnaire français-latin de L. Quicherat
Salvato in:
| Autore principale: | |
|---|---|
| Altri autori: | |
| Natura: | Sconosciuto |
| Lingua: | francese |
| Pubblicazione: |
Paris
Librairie Hachette et Cie
1918
|
| Edizione: | 30e éd |
| Catalogo: | MANES: Risultati della ricerca del catalogo della biblioteca |
| Libro di testo Classificazione: |
|
| Soggetti: | |
| Tags: |
Aggiungi Tag
Nessun Tag, puoi essere il primo ad aggiungerne!!
|
| Aggiunto a: | 2016-04-26 |
MARC
| LEADER | 000000000a22000000004500 | ||
|---|---|---|---|
| 001 | 34351 | ||
| 003 | OSt | ||
| 008 | 160427s fr ||||| |||| 00| 0 fre d | ||
| 040 | |a manes |c manes | ||
| 041 | |a Francés | ||
| 100 | 1 | |a Chatelain, émile |b ed |b lit |9 19846 | |
| 700 | 1 | |a Sommer, édouard |9 19847 | |
| 245 | 0 | 0 | |a Lexique latin-français à l'usage des classes élémentaires: extraits du dictionnaire français-latin de L. Quicherat |
| 250 | |a 30e éd | ||
| 260 | 3 | |a Paris |b Librairie Hachette et Cie |c 1918 | |
| 300 | |a 471 p. |c 24 cm | ||
| 500 | |a Signatura Topográfica: 1754. Enc. tela. Sellos en portada: "Instituto-Escuela de Segunda Enseñanza, Madrid" y "Junta para Ampliación de Estudios, Madrid". | ||
| 650 | 7 | |a Lenguas clásicas |9 18247 |a Lenguas extranjeras |9 23 | |
| 655 | 0 | |a Secundaria |9 7 | |
| 942 | |2 ddc |c BK | ||
| 546 | |a España | ||
| 999 | |c 41313 |d 41313 | ||
| 999 | |c manes:41313 |d 41313 | ||